Organizace a ekonomika textilní výroby pro 3. ročník střední průmyslové školy textilní : ob.: 081-03/2 /

Hlavní autor: Munzar, Vladimír, 1926-
Další autoři: Bradna, Jindřich, 1932-2022, Fischer, Milan
Jazyk: Čeština
Vydáno: Praha : Státní pedagogické nakladatelství, 1961
Vydání: 1. vyd.
Edice: Učební texty odborných škol
Témata:
Fyzický popis: 278 s.
Knihy
Uloženo v:
LEADER 01095nam a22002772a 4500
001 000762766
003 CZ BrMZK
005 20221018132132.0
007 ta
008 050207s1961 xr er|||||||||||cze d
015 |a cnb000689412 
040 |a BOA001  |b cze 
100 1 |a Munzar, Vladimír,  |d 1926-  |7 jk01082481  |4 aut 
245 1 0 |a Organizace a ekonomika textilní výroby pro 3. ročník střední průmyslové školy textilní :  |b ob.: 081-03/2 /  |c Vladimír Munzar, Jindřich Bradna a Milan Fischer 
250 |a 1. vyd. 
260 |a Praha :  |b Státní pedagogické nakladatelství,  |c 1961 
300 |a 278 s. 
490 1 |a Učební texty odborných škol 
500 |a Rozmnoženo. 
700 1 |a Bradna, Jindřich,  |d 1932-2022  |7 hka2012680233  |4 aut 
700 1 |a Fischer, Milan  |7 xx0074713  |4 aut 
830 0 |a Učební texty odborných škol  |0 s 
910 |a BOA001  |b PK-N-0006.876 
964 |a Průmysl textilní - organizace a ekonomika - učebnice - školy průmyslové textilní 
990 |a BK 
996 6 |b BC-189544  |c PK-N-0006.876  |l MZK  |r Sklad / do 1 hodiny  |n 0  |w 000762766  |u 000010  |a 1  |e BOA001  |j MZK50  |s P